|
|
|
|
| LEADER |
01033nam a2200253 a 4500 |
| 001 |
13479530 |
| 008 |
120315s2004 caua b 001 0 eng d |
| 010 |
|
|
|a 2004101575
|
| 020 |
|
|
|a 9780970601995 (alk. paper)
|
| 020 |
|
|
|a 0970601999 (alk. paper)
|
| 040 |
|
|
|a DLC
|c DLC
|d DLC
|d BD-DhAAL
|
| 082 |
0 |
0 |
|a 001.4/226
|2 22
|
| 100 |
1 |
|
|a Few, Stephen.
|
| 245 |
1 |
0 |
|a Show me the numbers :
|b designing tables and graphs to enlighten /
|c Stephen Few.
|
| 260 |
|
|
|a Oakland, Calif. :
|b Analytics Press,
|c c2004.
|
| 300 |
|
|
|a xii, 269 p. :
|b ill. (some col.) ;
|c 29 cm.
|
| 504 |
|
|
|a Includes bibliographical references (p. 241) and index.
|
| 650 |
|
0 |
|a Business presentations
|x Graphic methods.
|
| 650 |
|
0 |
|a Business presentations
|v Charts, diagrams, etc.
|
| 650 |
|
0 |
|a Graphic methods.
|
| 541 |
1 |
|
|e 00024586
|
| 852 |
1 |
|
|a Ayesha Abed Library
|j General shelf
|
| 999 |
|
|
|c 11976
|d 11976
|
| 952 |
|
|
|0 0
|1 0
|4 0
|6 001_422600000000000_FEW
|7 0
|9 19687
|a BRACUL
|b BRACUL
|c GEN
|d 2012-03-14
|e Trim Education
|g 4975.00
|l 0
|o 001.4226 FEW
|p 3010024586
|r 2012-03-15
|t 1
|w 2012-03-15
|y BK
|